Mesterek és tanítványok "Isten nem ver Both-tal"
Elmentve itt :
| Dokumentumtípus: | Cikk |
|---|---|
| Megjelent: |
2001-01-13
|
| Sorozat: | Délmagyarország
91 No. 11 Ste |
| Kulcsszavak: | Both Ödön |
| Online Access: | http://dmarchiv.bibl.u-szeged.hu/123793 |
| LEADER | 00426nab a2200145 i 4500 | ||
|---|---|---|---|
| 001 | delm123793 | ||
| 005 | 20191105133219.0 | ||
| 008 | 191105s2001 hu o 0|| hun d | ||
| 040 | |a SZTE Délmagyarország Archívum |b hun | ||
| 041 | |a hun | ||
| 245 | 0 | 0 | |a Mesterek és tanítványok |h [elektronikus dokumentum] : |b "Isten nem ver Both-tal" |
| 260 | |c 2001-01-13 | ||
| 300 | |a 4 | ||
| 490 | 0 | |a Délmagyarország |v 91 No. 11 Ste | |
| 695 | |a Both Ödön | ||